Riconosci il Pokémon - Quiz n°166 - Statistics

Statistiche generali
  • Questo quiz è stato fatto 3 volte
  • Il punteggio medio è 8 su 10
Statistiche sulle risposte
Indizio Risposta % Corretto
Stadio evoluzione Forma Base
100%
Tipo Ghiaccio
100%
Generazione Nona
100%
Altezza 1,2 m
67%
Tasso di cattura 150 (29.5%)
67%
Peso 45,0 kg
67%
Sesso 50% ♂, 50% ♀
67%
Pokémon Cetoddle
67%
Abilità Grassospesso; Mantelneve; Forzabruta
67%
Tasso di allevamento Medio-Lento
67%
Nessun quiz corrispondente trovato
Distribuzione punteggi
Percentuale di utenti per punteggio
Percentile per numero di risposta
I tuoi punteggi nel tempo
Non hai fatto questo quiz